15 villes les plus peuplées sur la Truyère - Statistiques

Statistiques générales
  • Ce quiz a été pris 2 fois
  • Le résultat moyen est 5 sur 15
Statistiques - réponses
Département Population Commune % Correct
Lozère 1209 Monts de Randon
100%
Lozère 2296 Peyre en Aubrac
100%
Lozère 559 Albaret Sainte Marie
50%
Cantal 813 Chaudes Aigues
50%
Aveyron 964 Entraygues sur Truyère
50%
Lozère 745 Le Malzieu Ville
50%
Lozère 623 Rimeize
50%
Cantal 922 Val d'Arcomie
50%
Aveyron 1581 Argences en Aubrac
0%
Aveyron 628 Brommat
0%
Aveyron 531 Lacroix Barrez
0%
Lozère 484 Le Malzieu Forain
0%
Cantal 1677 Neuvéglise sur Truyère
0%
Cantal 719 Ruynes en Margeride
0%
Lozère 1385 Saint Alban sur Limagnoles
0%
Aucun quiz correspondant
Distribution des résultats
% des personnes avec chaque résultat
Percentile par nombre de réponses
Votre historique - résultats
Vous n’avez pas pris ce quiz